000 00767nam a2200301Ia 4500
008 160803s9999 xx 000 0 und d
020 _a0 439623316
100 _aMunsch, Robert
245 _aBoo! /
245 _cby Robert Munsch ; illustrated by Michael Martchenko.
260 _aNew York :
260 _bScholastic Inc.
260 _c2004
300 _a30 pages :
300 _bcolor illustrations ;
300 _c21 cm
500 _a"Cartwheel books."
650 _aFace painting --
650 _aFear --
650 _aHalloween --
650 _aHalloween --
650 _aPicture books for children.
650 _xFiction.
650 _xFiction.
650 _xJuvenile fiction.
650 _xJuvenile fiction.
700 _a540
999 _c299056
_d299056